| 000 | 00671nam a2200241Ia 4500 | ||
|---|---|---|---|
| 003 | OSt | ||
| 005 | 20220916111043.0 | ||
| 006 | a|||||r|||| 00| 0 | ||
| 007 | ta | ||
| 008 | 220915b |||||||| |||| 00| 0 eng d | ||
| 024 | _a244805 | ||
| 037 | _cTextbook | ||
| 040 |
_beng _aARTS _cARTS |
||
| 041 | _aeng | ||
| 082 | _aV467:71.N65<-M42, K8 | ||
| 100 | _aAl - Haik Albert R. | ||
| 245 | 0 | _aKey lists of archaeological excavations in Iraq 1842- 1965 | |
| 260 |
_aFlorida _bField Research Project |
||
| 300 |
_a154p. _ccm. |
||
| 650 | _aHISTORY | ||
| 942 |
_hV467:71.N65<-M42, K8 _cTB _2CC |
||
| 999 |
_c104673 _d104673 |
||